|
|
|
|
| LEADER |
00000nab a2200000 a 4500 |
| 001 |
vtls008638992 |
| 003 |
SK-MaSNL |
| 005 |
20260303072304.0 |
| 008 |
040826 2004 xo 000 0 eng |
| 035 |
|
|
|a (KIS3G)CLAS02vtls000026073
|
| 040 |
|
|
|a SNKORKD
|b slo
|c SNKORKD
|e AACR2
|
| 041 |
0 |
|
|a slo
|
| 044 |
|
|
|a xo
|c SK
|
| 100 |
1 |
|
|a Fras, L.
|4 aut
|9 1072331
|
| 245 |
1 |
0 |
|a Following Oxidation Of Cellulose With XPS
|
| 700 |
1 |
|
|a Havermans, John B. G. A
|4 aut
|9 1071290
|
| 700 |
1 |
|
|a Strlic, Matija
|4 aut
|9 1071585
|
| 700 |
1 |
|
|a Kolar, Jana
|4 aut
|9 1071584
|
| 700 |
1 |
|
|a Stana-Kleischek K.
|4 aut
|9 1072332
|
| 700 |
1 |
|
|a Johansson, L. - S.
|4 aut
|9 1072333
|
| 700 |
1 |
|
|a Stenius, P.
|4 aut
|9 1072334
|
| 700 |
1 |
|
|a Laine, J.
|4 aut
|9 1072335
|
| 700 |
1 |
|
|a Ribitsch, V.
|4 aut
|9 1072336
|
| 773 |
|
|
|d Ljubljana, National and University Library, 2004
|g p. 31-32
|t Proceedings of the International Conference - Durability of Paper and Writing
|z 961-6162-98-5
|
| 856 |
4 |
|
|u http://www.viks.sk/chk/dpw12.doc
|
| 910 |
|
|
|a schk
|
| 910 |
|
|
|a memoriask
|
| 999 |
|
|
|c 1762992
|d 1764922
|